000 00514nam a2200217Ia 4500
003 LK-CoDNM
008 010623t1930 xxu||||| |||| 00| 1 sin d
040 _aLK-CoDNM
_dLK-CoDNM
_eLK-CoDNM
041 _asin
080 _a104 I.12
100 _aCooray,N.H Sumitra,W.A
245 _aමුලික ගීත
246 _aPrimary songs
260 _bM.D.Gunasena co
_aColombo
_c1930
300 _b32p., 20 cm
650 _aMelody
650 _aRaaga
650 _aSong
650 _aTaala
942 _cBK
999 _c95481
_d95481